|
|
|
|
| LEADER |
01189nam a2200253 a 4500 |
| 001 |
GR-MES12724 |
| 008 |
070710s nyu b 001 0 gre d |
| 020 |
|
|
|a 0195141725
|
| 040 |
|
|
|a GrPaTEI
|b gre
|c GR-PaULI
|
| 040 |
|
|
|a GrPaTEI
|b gre
|c GR-PaULI
|
| 082 |
|
0 |
|a 578.77
|2 21
|
| 100 |
1 |
|
|a Levinton, Jeffrey S.
|
| 245 |
1 |
0 |
|a Marine biology :
|b Function, biodiversity, ecology /
|c Jeffrey S. Levinton.
|
| 250 |
|
|
|a 2nd ed.
|
| 260 |
|
|
|a New York :
|b Oxford University Press,
|c c 2001
|
| 300 |
|
|
|a xi
|a 515σ. :
|b εικ., col., χάρτες ;
|c 26εκ.
|
| 504 |
|
|
|a Περιλαμβάνει βιβλιογραφίες και ευρετήριο.
|
| 650 |
|
0 |
|a Marine biology
|
| 650 |
|
4 |
|a Θαλάσσια βιολογία
|
| 942 |
|
|
|2 ddc
|
| 952 |
|
|
|0 0
|1 0
|2 ddc
|4 0
|6 578_770000000000000_LEV
|7 0
|9 271306
|a MSLG
|b MSLG
|c BSC
|d 2021-01-17
|e 24
|f 0
|g 0.00
|l 0
|o 578.77 LEV
|p 2420000022084
|r 2021-01-17 00:00:00
|t 1
|w 2021-01-17
|y BK15
|x 20070710 0 ΤΣΑΝΤΑΡΛΙΩΤΗ 1
|x GrPaTEI
|
| 952 |
|
|
|0 0
|1 0
|2 ddc
|4 0
|6 578_770000000000000_LEV
|7 0
|9 323869
|a LISA
|b LISA
|c BSC
|d 2021-03-01
|i 15835
|l 0
|o 578.77 LEV
|p 025000268355
|r 2021-03-01 00:00:00
|t 2
|w 2021-03-01
|y BK15
|
| 971 |
|
|
|a .b25787718
|b 15-04-20
|c 13-09-16
|
| 999 |
|
|
|c 156692
|d 156692
|